| 000 -LEADER |
| fixed length control field |
01480cam a2200337 a 4500 |
| 001 - CONTROL NUMBER |
| control field |
2088918 |
| 005 - DATE AND TIME OF LATEST TRANSACTION |
| control field |
20161109094007.0 |
| 008 - FIXED-LENGTH DATA ELEMENTS--GENERAL INFORMATION |
| fixed length control field |
950911s1996 caua 001 0 eng |
| 010 ## - LIBRARY OF CONGRESS CONTROL NUMBER |
| LC control number |
95038959 |
| 020 ## - INTERNATIONAL STANDARD BOOK NUMBER |
| International Standard Book Number |
0787901806 (alk. paper) |
| 040 ## - CATALOGING SOURCE |
| Original cataloging agency |
DLC |
| Transcribing agency |
DLC |
| Modifying agency |
DLC |
| 050 00 - LIBRARY OF CONGRESS CALL NUMBER |
| Classification number |
HD57.7 .L418 1996 |
| 082 00 - DEWEY DECIMAL CLASSIFICATION NUMBER |
| Classification number |
658.4/092 |
| Edition number |
20 |
| 245 04 - TITLE STATEMENT |
| Title |
The leader of the future : |
| Remainder of title |
new visions, strategies, and practices for the next era / |
| Statement of responsibility, etc. |
Frances Hesselbein, Marshall Goldsmith, Richard Beckhard, editors ; foreword by Peter F. Drucker. |
| 260 ## - PUBLICATION, DISTRIBUTION, ETC. (IMPRINT) |
| Place of publication, distribution, etc. |
San Francisco : |
| Name of publisher, distributor, etc. |
Jossey-Bass, |
| Date of publication, distribution, etc. |
c1996. |
| 300 ## - PHYSICAL DESCRIPTION |
| Extent |
xxv, 319 p. : |
| Other physical details |
ill. ; |
| Dimensions |
24 cm. |
| 440 #4 - SERIES STATEMENT/ADDED ENTRY--TITLE |
| Title |
The Drucker Foundation future series |
| 500 ## - GENERAL NOTE |
| General note |
Includes index. |
| 650 #0 - SUBJECT ADDED ENTRY--TOPICAL TERM |
| Topical term or geographic name as entry element |
Leadership. |
| 650 #0 - SUBJECT ADDED ENTRY--TOPICAL TERM |
| Topical term or geographic name as entry element |
Strategic planning. |
| 700 1# - ADDED ENTRY--PERSONAL NAME |
| Personal name |
Hesselbein, Frances. |
| 700 1# - ADDED ENTRY--PERSONAL NAME |
| Personal name |
Goldsmith, Marshall. |
| 700 1# - ADDED ENTRY--PERSONAL NAME |
| Personal name |
Beckhard, Richard, |
| Dates associated with a name |
1918-1999. |
| 856 42 - ELECTRONIC LOCATION AND ACCESS |
| Materials specified |
Contributor biographical information |
| Uniform Resource Identifier |
<a href="http://www.loc.gov/catdir/bios/wiley043/95038959.html">http://www.loc.gov/catdir/bios/wiley043/95038959.html</a> |
| 856 42 - ELECTRONIC LOCATION AND ACCESS |
| Materials specified |
Publisher description |
| Uniform Resource Identifier |
<a href="http://www.loc.gov/catdir/description/wiley035/95038959.html">http://www.loc.gov/catdir/description/wiley035/95038959.html</a> |
| 856 4# - ELECTRONIC LOCATION AND ACCESS |
| Materials specified |
Table of Contents |
| Uniform Resource Identifier |
<a href="http://www.loc.gov/catdir/toc/onix07/95038959.html">http://www.loc.gov/catdir/toc/onix07/95038959.html</a> |
| 906 ## - LOCAL DATA ELEMENT F, LDF (RLIN) |
| a |
7 |
| b |
cbc |
| c |
orignew |
| d |
1 |
| e |
ocip |
| f |
19 |
| g |
y-gencatlg |
| 942 ## - ADDED ENTRY ELEMENTS (KOHA) |
| Source of classification or shelving scheme |
|
| Koha item type |
Hard Covered Materials |
| Classification part |
HD57.7 .L418 1996 |